000 00645nam a2200241Ia 4500
003 OSt
005 20220918202105.0
006 a|||||r|||| 00| 0
007 ta
008 220917b |||||||| |||| 00| 0 eng d
024 _a98,703
037 _cTextual
040 _aARTS
_cARTS
_beng
041 _2eng
_aeng
082 _aV2:19.3.N11-M98, L8
100 _aSaxena V K
_9102195
245 0 _aIndian reation to British policies 1898 1911
260 _aDelhi
_bSundeep
_c1978
300 _avii, 202p.
_ccm.
650 _aHISTORY
942 _hV2:19.3.N11-M98, L8
_cTEXL
_2CC
999 _c222289
_d222289